First Lines of ABBA Songs - Statistics

General Stats
  • This quiz has been taken 372 times
  • The average score is 9 of 15
Answer Stats
First Line Song Title % Correct
You can dance, you can jive / Having the time of your life Dancing Queen
99%
I've been cheated by you since I don't know when Mamma Mia
95%
If you change your mind, I'm the first in line Take A Chance On Me
83%
I don't wanna talk, about the things we've gone through The Winner Takes it All
83%
You're so hot, teasing me / So you're blue but I can't take a chance on a chick like you Does Your Mother Know
74%
I wasn't jealous before we met / Now every woman I see is a potential threat Lay All Your Love On Me
73%
Where are those happy days, they seem so hard to find SOS
67%
I'm nothing special, in fact, I'm a bit of a bore Thank You For the Music
61%
Half past twelve / And I'm watching the late show in my flat, all alone Gimme! Gimme! Gimme! (A Man After Midnight)
59%
People everywhere, a sense of expectation hanging in the air Voulez Vous
54%
No more, carefree laughter / Silence, ever after Knowing Me, Knowing You
49%
They passed me by, all of those great romances One of Us
46%
I must have left my house at eight, because I always do The Day Before You Came
22%
A while ago, I heard the sound of children's laughter / Now it's quiet, so I guess they left the park Don't Shut Me Down
16%
Don't know how to take it, don't know where to go Under Attack
13%
No matching quizzes found
Score Distribution
Percent of People with Each Score
Percentile by Number Answered
Your Score History
You have not taken this quiz